The Victoria & Albert Museum's textile collection : (Record no. 26731)

000 -LEADER
fixed length control field 01380cam a2200361 a 4500
001 - CONTROL NUMBER
control field 659337
005 - DATE AND TIME OF LATEST TRANSACTION
control field 20170206103637.0
008 - FIXED-LENGTH DATA ELEMENTS--GENERAL INFORMATION
fixed length control field 940411s1993 nyua 000 0 eng d
010 ## - LIBRARY OF CONGRESS CONTROL NUMBER
LC control number 94143788
020 ## - INTERNATIONAL STANDARD BOOK NUMBER
International Standard Book Number 1558596526 (pbk.) :
Terms of availability US $19.95
035 ## - SYSTEM CONTROL NUMBER
System control number (OCoLC)28921451
035 ## - SYSTEM CONTROL NUMBER
System control number BBJ1650
040 ## - CATALOGING SOURCE
Original cataloging agency NSbSU
Transcribing agency NSbSU
Modifying agency DLC
042 ## - AUTHENTICATION CODE
Authentication code lccopycat
043 ## - GEOGRAPHIC AREA CODE
Geographic area code e-uk-en
050 04 - LIBRARY OF CONGRESS CALL NUMBER
Classification number NK9243
Item number .V48 1993
110 2# - MAIN ENTRY--CORPORATE NAME
Corporate name or jurisdiction name as entry element Victoria and Albert Museum.
245 14 - TITLE STATEMENT
Title The Victoria & Albert Museum's textile collection :
Remainder of title embroidery in Britain from 1200 to 1750 /
Statement of responsibility, etc. by Donald King & Santina Levey.
260 ## - PUBLICATION, DISTRIBUTION, ETC. (IMPRINT)
Place of publication, distribution, etc. New York :
Name of publisher, distributor, etc. Canopy Books, a division of Abbeville Press,
Date of publication, distribution, etc. c1993.
300 ## - PHYSICAL DESCRIPTION
Extent 112 p. :
Other physical details col. ill. ;
Dimensions 30 cm.
610 20 - SUBJECT ADDED ENTRY--CORPORATE NAME
Corporate name or jurisdiction name as entry element Victoria and Albert Museum
General subdivision Catalogs.
650 #0 - SUBJECT ADDED ENTRY--TOPICAL TERM
Topical term or geographic name as entry element Embroidery
Geographic subdivision England
-- London
General subdivision Catalogs.
650 #0 - SUBJECT ADDED ENTRY--TOPICAL TERM
Topical term or geographic name as entry element Embroidery
Geographic subdivision England
General subdivision Catalogs.
700 1# - ADDED ENTRY--PERSONAL NAME
Personal name King, Donald,
Dates associated with a name 1920-
700 1# - ADDED ENTRY--PERSONAL NAME
Personal name Levey, Santina M.
740 0# - ADDED ENTRY--UNCONTROLLED RELATED/ANALYTICAL TITLE
Uncontrolled related/analytical title Victoria and Albert Museum's textile collection.
942 ## - ADDED ENTRY ELEMENTS (KOHA)
Source of classification or shelving scheme
Koha item type Hard Covered Materials
Classification part NK9243 .V48 1993
Holdings
Withdrawn status Lost status Source of classification or shelving scheme Damaged status Not for loan Home library Current library Shelving location Date acquired Source of acquisition Total Checkouts Full call number Barcode Date last seen Price effective from Koha item type
          MACHAKOS UNIVERSITY LIBRARY MACHAKOS UNIVERSITY LIBRARY Open shelf 06/02/2017 Donation (B.F.A)   NK9243 .V48 1993 33900 06/02/2017 06/02/2017 Hard Covered Materials
© Machakos University Library, Along The Highway, Machakos Wote Rd, Machakos, Kenya P.O. Box 136 - 90100 Machakos - Kenya

Tel: ( +254 ) 723 805829 OR Fax : 044-20353 OR Email: library@mksu.ac.ke